| 000 | nam a22 a 4500 | ||
|---|---|---|---|
| 999 |
_c1006 _d1006 |
||
| 003 | AKMAL | ||
| 005 | 20170508103858.0 | ||
| 008 | 170508s1994 my 00 may | ||
| 020 |
_a9839017837 (kkt.): _cRM 10.00 |
||
| 039 | 9 |
_a200909280857 _bmaulidiah |
|
| 040 |
_aAKMAL _cAKMAL |
||
| 049 | _aklpmalpma | ||
| 082 | 0 | 4 | _a297.4 ABU |
| 090 |
_a297.4 _bABU |
||
| 090 |
_a297.4 _bABU |
||
| 100 | 1 |
_aAbul Khairi Al-Latifi _92108 |
|
| 245 | 1 | 0 |
_aMartabat umat Islam : _bmengapa dan apakah jalan penyelesaiannya? / _cAbul Khairi Al-Latifi |
| 260 |
_aKuala Lumpur : _bDarul Nu'man, _c1994 |
||
| 300 |
_av, 256ms. ; _c21cm |
||
| 500 | _aMengandungi ayat-ayat dari al-Quran | ||
| 504 | _aBibliografi ms. 253 | ||
| 650 | 1 | 0 |
_aReligious life _xIslam _9819 |
| 650 | 2 | 0 |
_aIslam _xCustoms and practices _91330 |
| 650 | 2 | 0 |
_aIslam _y20th century _91553 |
| 650 | 2 | 0 |
_aMuslims _xConduct of life _91358 |
| 942 |
_2ddc _cBOOK |
||